| 000 | 00658nam a22001937a 4500 | ||
|---|---|---|---|
| 008 | 160526b xxu||||| |||| 00| 0 eng d | ||
| 020 | _a0767417526 | ||
| 082 |
_22003 _aDC 519.502461 _bK96 |
||
| 100 |
_99227 _aKuzma, Jan W. |
||
| 245 |
_aBasic statistics for the health sciences/ _cJan W. Kuzma and Stephen E. Bohnenblust. |
||
| 250 | _aFourth Edition | ||
| 260 |
_aBoston: _bMcGrawhill, _cc2003. |
||
| 300 |
_axvii, 364 pages: _billustration; _c24 cm. |
||
| 500 | _aIncludes bibliographical references and index. | ||
| 650 | 0 |
_99229 _aMedical statistics |
|
| 650 | 0 |
_99230 _aStatistics |
|
| 700 |
_99231 _aBohnenblust, Stephen E. _eAuthor |
||
| 942 |
_2ddc _cDC |
||
| 999 |
_c2786 _d2786 |
||